000 00553nam a2200229Ia 4500
003 OSt
005 20220918194556.0
006 a|||||r|||| 00| 0
007 ta
008 220917b |||||||| |||| 00| 0 eng d
024 _a80,256
037 _cTextual
040 _aARTS
_cARTS
_beng
041 _2eng
_aeng
082 _aS:5, K61-;2
100 _aHaber R N
_985717
245 0 _aCurrent research in motivation
260 _c1966
650 _aPSYCHOLOGY
942 _hS:5, K61-;2
_cTEXL
_2CC
999 _c203982
_d203982